000 00660nam a2200229 4500
003 OSt
005 20240619004225.0
006 a
008 240619b |||||||| |||| 00| 0 eng d
020 _a0136246028
040 _aDWCL-Main lib.
_cOC
082 _2Second edition
_aCirc. 168 F812r 1999
100 _aFeldmabn, Richard
245 _aReason and argument /
250 _aSecond edition
260 _aNew Jersey :
_bPrentice-Hall, Inc. ,
_cc1999.
300 _axv,
_b462 p. ;
_c23 cm.
504 _aIncludes bibliographical references and index.
650 _a1. Reasoning.
650 _a2. Logic.
942 _2ddc
_n0
_cBK-CIRC
_eSecond edition
_kCirc.
999 _c847
_d847